Beatles Lyrics Quiz (Part 003) - Statistics

General Stats
  • This quiz has been taken 153 times
  • The average score is 75 of 129
Answer Stats
Answer % Correct
I
100%
a
96%
love
91%
and
89%
And
89%
the
87%
in
86%
to
82%
me
81%
her
80%
my
78%
when
77%
She
75%
she
75%
is
73%
We
70%
we
70%
I'm
69%
so
69%
that
68%
it's
61%
day
58%
mine
58%
sun
57%
know
56%
she's
56%
Good
53%
good,
53%
can
51%
feel
51%
sunshine
51%
need
49%
got
48%
I've
48%
way
48%
then
47%
they
46%
out
45%
as
44%
sunny
43%
loving
42%
fine
40%
take
40%
shining
39%
something
39%
down
38%
walk,
38%
feels
36%
about
34%
knows
34%
laugh,
34%
laugh
34%
looking
31%
special
30%
touch
29%
feet
28%
ground
27%
tree
25%
Burns
24%
beneath
23%
shady
23%
lie,
22%
proud
20%
No matching quizzes found
Score Distribution
Percent of People with Each Score
Percentile by Number Answered
Your Score History
You have not taken this quiz